000 00870nam a22002177a 4500
005 20170726102710.0
010 _a1516EN07 ENG-119396
020 _a9780674427792
_c295.00
035 _aB-603793-797
035 _aB-667417
035 _aEN-102928
037 _adpl
_bAakar/Ven
082 _a250.38232
100 _aTherigatha
245 _aPoems of the first buddhist women /
_cby Therigatha
260 _aLondon
_bMurty Classical Library of India
_c2015
300 _a290p.
_c19cm(pbk)
942 _2ddc
_cEN
_h250
_mTHE
999 _c96414
_d96414